|
|
|
|
| LEADER |
00642 a2200181 4500 |
| 008 |
161117b xxu||||| |||| 00| 0 mal d |
| 999 |
|
|
|c 112072
|d 112072
|
| 020 |
|
|
|a 9788126443055
|
| 082 |
|
|
|a 852.34
|
| 100 |
|
|
|a Narayana Panicker, Kavalam
|
| 245 |
|
|
|a Kavalam natakangal /
|c Kavalam Narayana Panicker
|
| 260 |
|
|
|b D C books,
|c 2013.
|a Kottayam:
|
| 300 |
|
|
|a 822p.
|c 22cm.
|
| 546 |
|
|
|a In malayalam
|
| 650 |
|
|
|a Malayalam drama
|
| 650 |
|
|
|a Narayana Panicker, Kavalam
|y (1928 - 2016 )
|
| 942 |
|
|
|2 ddc
|c BK
|
| 952 |
|
|
|0 0
|1 0
|2 ddc
|4 0
|6 852_340000000000000_KAV_M
|7 0
|9 117862
|a UL
|b UL
|c REF
|d 2016-07-01
|e 176
|g 331.65
|l 0
|o 852.34 KAV M
|p 94440
|r 2016-06-27
|v 495.00
|y TXT
|